书目信息 |
| 题名: |
基辛格回忆录
|
|
| 作者: | 基辛格 著 ;张维 译 | |
| 分册: | ||
| 出版信息: | 北京 世界知识出版社 1980 |
|
| 页数: | 154页 | |
| 开本: | 21cm | |
| 丛书名: | ||
| 单 册: | ||
| 中图分类: | K817.121 , K837.127 | |
| 科图分类: | ||
| 主题词: | 历史 , 地理 | |
| 电子资源: | ||
| ISBN: | ||
| 000 | 00920nam0 2200313 45 | |
| 001 | 0180000603 | |
| 005 | 20071014110649.95 | |
| 010 | @dCNY0.55 | |
| 091 | @a3003.1603 | |
| 100 | @a19950424d1980 em y0chiy0121 ea | |
| 101 | 1 | @achi@ceng |
| 102 | @aCN@b110000 | |
| 105 | @ac z 000yy | |
| 200 | 10 | @a基辛格回忆录@Aji xin ge hui yi lu@e白宫岁月 1968-1973@f(美)H·基辛格著@F(mei)H·ji xin ge zhu@g张维等译@Gzhang wei deng yi |
| 210 | @a北京@c世界知识出版社@d1980 | |
| 215 | @a154页@c照片@d21cm | |
| 300 | @a节译本 | |
| 510 | 1 | @aWhite House years@zeng |
| 517 | 1 | @a白宫岁月 1968-1973@Abai gong sui yue 1968-1973 |
| 600 | 1 | @a基辛格@bH.A.@x回忆录 |
| 606 | 0 | @a历史 |
| 606 | 0 | @a地理 |
| 690 | @aK817.121@v4 | |
| 690 | @aK837.127@v3 | |
| 701 | 0 | @a基辛格@Aji xin ge@4著 |
| 702 | 0 | @a张维@Azhang wei@4译 |
| 801 | 0 | @aCN@b上海图书馆@c20071014 |
| 801 | 2 | @aCN@bNLC@c20061115 |
| 905 | @dK837.127@e35-2 | |
| 基辛格回忆录:白宫岁月 1968-1973/(美)H·基辛格著/张维等译.-北京:世界知识出版社,1980 |
| 154页:照片;21cm |
| 节译本 |
| ISBN :CNY0.55 |
| ● |
| 相关链接 |
|
|
|
|
正题名:基辛格回忆录
索取号:K837.127/35-2
 
预约/预借
| 序号 | 登录号 | 条形码 | 馆藏地/架位号 | 状态 | 备注 |
| 1 | 0027083 | 202086919 | 第二样本阅览室/ [索取号:K837.127/35-2] | 在馆 | |
| 2 | 0027084 | 000590051 | 第二借阅区/ [索取号:K837.127/35-2] | 在馆 |